| 000 | 00631nam a22002177a 4500 | ||
|---|---|---|---|
| 003 | OSt | ||
| 005 | 20140310182836.0 | ||
| 008 | 130606t xxu||||| |||| 00| 0 eng d | ||
| 020 | _a9780071278737 | ||
| 050 |
_aQH 308.7 _b.B872 2008 |
||
| 082 |
_aM 570 _bB872 2008 |
||
| 110 |
_aMcGraw-Hill Companies Inc. _99061 |
||
| 245 |
_aBiology / _cBrooker, Robert J.; Widmaier, Eric P.; Graham, Linda E.; Stiling, Peter D. |
||
| 260 |
_aNew York : _bMcGraw-Hill Companies, Inc. _cc2008. |
||
| 300 |
_a1300 p. ; _bill. ; _c26 cm. |
||
| 541 | _j | ||
| 562 | _e1 | ||
| 650 |
_aBiology _91448 |
||
| 942 | _2lcc | ||
| 999 |
_c16749 _d16749 |
||